<?xml version="1.0" encoding="UTF-8"?>
<record
    xmlns:xsi="http://www.w3.org/2001/XMLSchema-instance"
    xsi:schemaLocation="http://www.loc.gov/MARC21/slim http://www.loc.gov/standards/marcxml/schema/MARC21slim.xsd"
    xmlns="http://www.loc.gov/MARC21/slim">

  <leader>01268nam a2200181Ia 4500</leader>
  <controlfield tag="008">151202s9999||||xx |||||||||||||| ||und||</controlfield>
  <datafield tag="082" ind1=" " ind2=" ">
    <subfield code="b">PNVM-70161</subfield>
  </datafield>
  <datafield tag="100" ind1=" " ind2=" ">
    <subfield code="a">&#x92C;&#x94B;&#x921;&#x938; &#x906;&#x928;&#x902;&#x926;.</subfield>
  </datafield>
  <datafield tag="245" ind1=" " ind2=" ">
    <subfield code="a">&#x906;&#x91A;&#x93E;&#x930;&#x94D;&#x92F; &#x935;&#x930;&#x93E;&#x939;&#x92E;&#x93F;&#x939;&#x940;&#x930; - &#x91A;&#x94C;&#x926;&#x93E; &#x935;&#x93F;&#x926;&#x94D;&#x92F;&#x93E; &#x906;&#x923;&#x93F; &#x91A;&#x94C;&#x938;&#x937;&#x94D;&#x920; &#x915;&#x932;&#x93E;&#x902;&#x91A;&#x947; &#x92A;&#x94D;&#x930;&#x923;&#x947;&#x924;&#x947;(&#x936;&#x947;&#x924;&#x940;/&#x916;&#x917;&#x94B;&#x932;/&#x92E;&#x942;&#x930;&#x94D;&#x924;&#x940;/&#x917;&#x94D;&#x930;&#x939;&#x92F;&#x94B;&#x917;&#x936;&#x93E;&#x938;&#x94D;&#x924;&#x94D;&#x930; &#x935; &#x926;&#x947;&#x939;&#x92C;&#x94B;&#x932;&#x940;).</subfield>
  </datafield>
  <datafield tag="260" ind1=" " ind2=" ">
    <subfield code="b">"&#x928;&#x935;&#x91A;&#x948;&#x924;&#x928;&#x94D;&#x92F; &#x92A;&#x94D;&#x930;&#x915;&#x93E;&#x936;&#x928;,&#x92C;&#x94B;&#x930;&#x94B;&#x935;&#x932;&#x940;."</subfield>
  </datafield>
  <datafield tag="260" ind1=" " ind2=" ">
    <subfield code="c">70161</subfield>
  </datafield>
  <datafield tag="300" ind1=" " ind2=" ">
    <subfield code="a">150</subfield>
  </datafield>
  <datafield tag="600" ind1=" " ind2=" ">
    <subfield code="a">&#x92C;&#x94B;&#x921;&#x938; &#x906;&#x928;&#x902;&#x926;.</subfield>
  </datafield>
  <datafield tag="630" ind1=" " ind2=" ">
    <subfield code="a">&#x906;&#x91A;&#x93E;&#x930;&#x94D;&#x92F; &#x935;&#x930;&#x93E;&#x939;&#x92E;&#x93F;&#x939;&#x940;&#x930; - &#x91A;&#x94C;&#x926;&#x93E; &#x935;&#x93F;&#x926;&#x94D;&#x92F;&#x93E; &#x906;&#x923;&#x93F; &#x91A;&#x94C;&#x938;&#x937;&#x94D;&#x920; &#x915;&#x932;&#x93E;&#x902;&#x91A;&#x947; &#x92A;&#x94D;&#x930;&#x923;&#x947;&#x924;&#x947;(&#x936;&#x947;&#x924;&#x940;/&#x916;&#x917;&#x94B;&#x932;/&#x92E;&#x942;&#x930;&#x94D;&#x924;&#x940;/&#x917;&#x94D;&#x930;&#x939;&#x92F;&#x94B;&#x917;&#x936;&#x93E;&#x938;&#x94D;&#x924;&#x94D;&#x930; &#x935; &#x926;&#x947;&#x939;&#x92C;&#x94B;&#x932;&#x940;).</subfield>
  </datafield>
  <datafield tag="700" ind1=" " ind2=" ">
    <subfield code="a">&#x92C;&#x94B;&#x921;&#x938; &#x906;&#x928;&#x902;&#x926;.</subfield>
  </datafield>
  <datafield tag="730" ind1=" " ind2=" ">
    <subfield code="a">&#x906;&#x91A;&#x93E;&#x930;&#x94D;&#x92F; &#x935;&#x930;&#x93E;&#x939;&#x92E;&#x93F;&#x939;&#x940;&#x930; - &#x91A;&#x94C;&#x926;&#x93E; &#x935;&#x93F;&#x926;&#x94D;&#x92F;&#x93E; &#x906;&#x923;&#x93F; &#x91A;&#x94C;&#x938;&#x937;&#x94D;&#x920; &#x915;&#x932;&#x93E;&#x902;&#x91A;&#x947; &#x92A;&#x94D;&#x930;&#x923;&#x947;&#x924;&#x947;(&#x936;&#x947;&#x924;&#x940;/&#x916;&#x917;&#x94B;&#x932;/&#x92E;&#x942;&#x930;&#x94D;&#x924;&#x940;/&#x917;&#x94D;&#x930;&#x939;&#x92F;&#x94B;&#x917;&#x936;&#x93E;&#x938;&#x94D;&#x924;&#x94D;&#x930; &#x935; &#x926;&#x947;&#x939;&#x92C;&#x94B;&#x932;&#x940;).</subfield>
  </datafield>
  <datafield tag="942" ind1=" " ind2=" ">
    <subfield code="c">BOOK</subfield>
  </datafield>
  <datafield tag="999" ind1=" " ind2=" ">
    <subfield code="c">1336671</subfield>
    <subfield code="d">1336668</subfield>
  </datafield>
  <datafield tag="952" ind1=" " ind2=" ">
    <subfield code="0">0</subfield>
    <subfield code="1">0</subfield>
    <subfield code="4">0</subfield>
    <subfield code="7">0</subfield>
    <subfield code="a">PNVM</subfield>
    <subfield code="b">PNVM</subfield>
    <subfield code="d">2015-06-21</subfield>
    <subfield code="g">0.00</subfield>
    <subfield code="l">0</subfield>
    <subfield code="o">PNVM-70161</subfield>
    <subfield code="p">PNVM-70161</subfield>
    <subfield code="r">2015-12-02 00:00:00</subfield>
    <subfield code="v">0.00</subfield>
    <subfield code="w">2015-12-02</subfield>
    <subfield code="y">BOOK</subfield>
  </datafield>
</record>
